Ireland Eurovision Songs - Statistics

General Stats
  • This quiz has been taken 13 times
    5 since last reset
  • The average score is 12 of 59
Answer Stats
Year Performer Song % Correct
2024 Bambie Thug Doomsday Blue
100%
2025 Emmy Laika Party
67%
1970 Dana All Kinds of Everything
33%
1978 Colm C.T. Wilkinson Born to Sing
33%
1966 Dickie Rock Come Back to Stay
33%
1995 Eddie Friel Dreamin'
33%
1979 Cathal Dunne Happy Man
33%
1987 Johnny Logan Hold Me Now
33%
1981 Sheeba Horoscopes
33%
1967 Sean Dunphy If I Could Choose
33%
1993 Niamh Kavanagh In Your Eyes
33%
2010 Niamh Kavanagh It's For You
33%
1977 The Swarbriggs Plus Two It's Nice to Be in Love Again
33%
2011 Jedward Lipstick
33%
2021 Lesley Roy Maps
33%
2000 Eamonn Toal Millennium of Love
33%
1997 Marc Roberts Mysterious Woman
33%
2015 Molly Sterling Playing with Numbers
33%
1994 Paul Harrington and Charlie McGettigan Rock 'n' Roll Kids
33%
1990 Liam Reilly Somewhere in Europe
33%
2020 Lesley Roy Story of My Life
33%
1984 Linda Martin Terminal 3
33%
2022 Brooke That's Rich
33%
1996 Eimear Quinn The Voice
33%
1969 Muriel Day and the Lindsays The Wages of Love
33%
2018 Ryan O'Shaughnessy Together
33%
1965 Butch Moore Walking the Streets in the Rain
33%
2012 Jedward Waterline
33%
2023 Wild Youth We Are One
33%
1980 Johnny Logan What's Another Year
33%
1992 Linda Martin Why Me?
33%
2001 Gary O'Shaughnessy Without Your Love
33%
2019 Sarah McTernan 22
0%
1972 Sandie Jones Ceol an Ghra
0%
1968 Pat McGeegan Chance of a Lifetime
0%
1991 Kim Jackson Could It Be That I'm in Love
0%
1974 Tina Reynolds Cross Your Heart
0%
1973 Maxi Do I Dream
0%
2017 Brendan Murray Dying to Try
0%
2009 Sinead Mulvey and Black Daisy Et Cetera
0%
2006 Brian Kennedy Every Song Is a Cry For Love
0%
2014 Can-linn feat. Kasey Smith Heartbeat
0%
1982 The Duskeys Here Today Gone Tomorrow
0%
2004 Chris Doran If My World Stopped Turning
0%
2008 Dustin the Turkey Irelande Douze Pointe
0%
1998 Dawn Martin Is Always Over Now?
0%
2005 Donna and Joe Love?
0%
1971 Angela Farrell One Day Love
0%
2013 Ryan Dolan Only Love Survives
0%
2016 Nicky Byrne Sunlight
0%
1988 Jump the Gun Take Him Home
0%
1975 The Swarbriggs That's What Friends Are For
0%
1989 Kiev Connolly and the Missing Passengers The Real Me
0%
2007 Dervish They Can't Stop the Spring
0%
1985 Maria Christian Wait Until the Weekend Comes
0%
2003 Mickey Harte We've Got the World
0%
1976 Red Hurley When
0%
1999 The Mullans When You Need Me
0%
1986 Luv Bug You Can Count On Me
0%
No matching quizzes found
Score Distribution
Percent of People with Each Score
Percentile by Number Answered
Your Score History
You have not taken this quiz since the last reset